000
00316nam a22001337a 4500
008
170620b xxu||||| |||| 00| 0 eng d
020
_a
00307166365
041
_a
eng
080
_a
94
100
_a
18
101
_a
SHH
245
_a
TWENTY FIVE YEARS REVOLUTION CUBA 1939 1984
_c
HALEBSKY/S
942
_2
udc
_c
BK
999
_c
18259
_d
18259